|
|
|
|
| LEADER |
01156nam a2200301 a 4500 |
| 001 |
000251199 |
| 003 |
CZ BrMZK |
| 005 |
20021029113222.0 |
| 007 |
ta |
| 008 |
010907s1997 xr f cze d |
| 015 |
|
|
|a cnb000304171
|
| 020 |
|
|
|a 80-214-0944-4
|
| 035 |
|
|
|a (OCoLC)84946368
|
| 040 |
|
|
|a BOA001
|b cze
|
| 080 |
|
|
|a 621.382(075.8)
|2 MRF
|
| 100 |
1 |
|
|a Svačina, Jiří,
|d 1948-
|7 jn20000710620
|4 aut
|
| 245 |
1 |
0 |
|a Speciální elektronické součástky a jejich aplikace.
|n Část 1,
|p Mikrovlnné součástky /
|c Jiří Svačina
|
| 246 |
3 |
0 |
|a Mikrovlnné součástky
|
| 250 |
|
|
|a Vyd. 1.
|
| 260 |
|
|
|a Brno :
|b Vysoké učení technické,
|c 1997
|
| 300 |
|
|
|a 96 s. :
|b il. ;
|c 29 cm
|
| 500 |
|
|
|a Určeno pro posl. fak. elektrotechn. a inform. - Bibliogr.
|
| 650 |
0 |
7 |
|a mikrovlnné elektronické součástky
|7 ph115314
|2 czenas
|
| 655 |
|
7 |
|a učebnice vysokých škol
|7 fd133772
|2 czenas
|
| 710 |
2 |
|
|a Vysoké učení technické v Brně.
|b Fakulta elektrotechniky a informatiky
|7 kn20010709416
|
| 910 |
|
|
|a BOA001
|b 4-1038.802,1
|
| 990 |
|
|
|a BK
|
| 996 |
7 |
|
|b 2610060885
|c 4-1038.802,1
|l MZK
|r Sklad / do 1 hodiny
|n 19
|p p.v.
|w 000251199
|u 000010
|a 1
|e BOA001
|j MZK50
|s A
|